Catálogo

CRISTIANO DEMOCRATA ACADEMICO (Registro nro. 56438)

Detalles MARC
000 -LEADER
fixed length control field 00908nam a2200193 a 4500
001 - CONTROL NUMBER
control field 56438
005 - DATE AND TIME OF LATEST TRANSACTION
control field 20180714052210.0
008 - FIXED-LENGTH DATA ELEMENTS--GENERAL INFORMATION
fixed length control field 140415s2011 cl 000 0 spa d
041 ## - LANGUAGE CODE
Language code of text/sound track or separate title spa
082 ## - DEWEY DECIMAL CLASSIFICATION NUMBER
Classification number 320.5
Item number CUM
100 1# - MAIN ENTRY--PERSONAL NAME
Personal name CUMPLIDO CERECEDA, FRANCISCO
245 10 - TITLE STATEMENT
Title CRISTIANO DEMOCRATA ACADEMICO
250 ## - EDITION STATEMENT
Edition statement 1a ed.
260 ## - PUBLICATION, DISTRIBUTION, ETC.
Place of publication, distribution, etc. CHILE :
Name of publisher, distributor, etc. ATARAXIA,
Date of publication, distribution, etc. 2011
300 ## - PHYSICAL DESCRIPTION
Extent 189
Dimensions 15 x 0.8 x 23
490 ## - SERIES STATEMENT
Series statement COL.UPAEP
520 ## - SUMMARY, ETC.
Summary, etc. CRISTIANO, DEMOCRATA YA CADEMICO, ES UN TEXTO QUE REFLEJA INTEGRALMENTE EL TESTIMONIO DE VIDA DE FRANCISCO CUMPLIDO CERECEDA, SU PENSAMIENTO MAS GENUINO Y COHERENCIA INTELECTUAL. COMO PROFESOR, DIRECTOR DEL INSTITUTO DE CIENCIAS POLITICAS, SECRETARIO GENERAL O RECTOR DE UNIVERSIDAD, SU CONTRIBUCION HA SIDO PERMANENTE, TANTO EN LA FORMACION DE ALUMNOS, COMO SU APORTE INTELECTUAL.
650 14 - SUBJECT ADDED ENTRY--TOPICAL TERM
Topical term or geographic name entry element DEMOCRACIA
General subdivision CHILE
-- POLITICA
-- CIENCIAS POLITICAS
-- CHILE
Existencias
Withdrawn status Lost status Source of classification or shelving scheme Damaged status Not for loan Collection code Home library Current library Shelving location Date acquired Source of acquisition Inventory number Total Checkouts Full call number Barcode Date last seen Price effective from Koha item type
    Dewey Decimal Classification     General Biblioteca Karol Wojtyla Biblioteca Karol Wojtyla Sala general 03/12/2013 Compra 151000000000000000055913   320.5 CUM 85185 05/01/2026 03/12/2013 Libro